Pokémon que empiezan por la letra C - Estadísticas

Estadísticas generales
  • Esta prueba ha sido intentada 19 veces
  • La puntuación promedio es 53 de 89
Estadísticas de respuestas
Gen. Tipo Nombre % Correcto
IV Fuego Chimchar
91%
III Bicho Cascoon
82%
I Bicho Caterpie
82%
I Normal Chansey
82%
I Fuego/Volador Charizard
82%
I Fuego Charmander
82%
I Fuego Charmeleon
82%
II Planta Chikorita
82%
III Psíquico Chimecho
82%
II Fuego Cyndaquil
82%
III Planta Cacnea
73%
III Planta/siniestro Cacturne
73%
III Fuego/Tierra Camerupt
73%
III Agua/Siniestro Carvanha
73%
V Fantasma/Fuego Chandelure
73%
VII Bicho/Eléctrico Charjabug
73%
IV Psíquico Chingling
73%
III Tierra/Psíquico Claydol
73%
I Hada Clefable
73%
I Hada Clefairy
73%
II Hada Cleffa
73%
VIII Roca/Fuego Coalossal
73%
IV Roca Cranidos
73%
III Agua/Siniestro Crawdaunt
73%
VI Roca/Hada Carbink
64%
V Agua/Roca Carracosta
64%
II Psíquico/Planta Celebi
64%
IX Fuego Charcadet
64%
VI Planta Chespin
64%
II Agua/Eléctrico Chinchou
64%
V Normal Cinccino
64%
VIII Fuego Cinderace
64%
I Agua/Hielo Cloyster
64%
V Acero/Lucha Cobalion
64%
III Fuego/Lucha Combusken
64%
VII Hada Comfey
64%
V Lucha Conkeldurr
64%
III Agua Corphish
64%
V Planta/Hada Cottonee
64%
VII Lucha/Hielo Crabominable
64%
III Roca/Planta Cradily
64%
II Agua Croconaw
64%
VII Bicho/Hada Cutiefly
64%
VIII Roca/Fuego Carkol
55%
VII Acero/Volador Celesteela
55%
VIII Fuego/Bicho Centiskorch
55%
IX Fuego/Fantasma Ceruledge
55%
IV Planta Cherrim
55%
IV Planta Cherubi
55%
VI Planta/Lucha Chesnaught
55%
IX Siniestro/Hielo Chien - Pao
55%
IX Siniestro/Fuego Chi - Yu
55%
III Agua Clamperl
55%
VI Agua Clauncher
55%
VI Agua Clawitzer
55%
IV Bicho/Volador Combee
55%
VII Acero Copperajah
55%
II Agua/Roca Corsola
55%
VIII Volador/Acero Corviknight
55%
VIII Volador Corvisquire
55%
VIII Volador/Agua Cramorant
55%
II Veneno/Volador Crobat
55%
IX Fuego Crocalor
55%
V Hielo Cryogonal
55%
I Tierra Cubone
55%
IV Planta Carnivine
45%
IX Hielo Cetitan
45%
IX Hielo Cetoddle
45%
VIII Lucha Clobbopus
45%
V Fantasma Cofagrigus
45%
IX Hada/Psíquico Colagrito
45%
IX Tierra/Lucha Colmilargo
45%
VII Psíquico Cosmoem
45%
VII Psíquico Cosmog
45%
VII Lucha Crabrawler
45%
IV Veneno/Lucha Croagunk
45%
V Bicho/Roca Crustle
45%
V Hielo Cubchoo
45%
VII Acero Cufant
45%
VIII Fantasma Cursola
45%
IX Dragon/Normal Cyclizar
45%
VIII Psíquico/Planta Calyrex
36%
III Bicho Castform
36%
IV Normal/Volador Chatot
36%
IX Lucha Clodsire
36%
VII Normal Código Cero
36%
IV Psíquico Cresselia
36%
IX Planta Capsakid
27%
VIII Agua Chewtle
27%
No se encontraron pruebas coincidentes
Distribución de puntuación
Porcentaje de gente con cada puntuación
Porcentaje por número respondido
Historial de tus puntuaciones
No has intentado esta prueba.